Handheld Device Based Desktop Control System using Bluetooth (Record no. 9125)

000 -LEADER
fixed length control field 00522 a2200157 4500
003 - CONTROL NUMBER IDENTIFIER
control field NUST
038 ## - RECORD CONTENT LICENSOR
Staff Name azhar
082 ## - DEWEY DECIMAL CLASSIFICATION NUMBER
Classification number BIT-5
100 ## - MAIN ENTRY--PERSONAL NAME
Personal name Wajid Ali Khan
9 (RLIN) 92193
245 ## - TITLE STATEMENT
Title Handheld Device Based Desktop Control System using Bluetooth
Statement of responsibility, etc. Wajid Ali Khan
260 ## - PUBLICATION, DISTRIBUTION, ETC.
Place of publication, distribution, etc. Islamabad,
Name of publisher, distributor, etc. NUST School of Electrical Engineering & Computer Science,
Date of publication, distribution, etc. 2007.
300 ## - PHYSICAL DESCRIPTION
Extent ix, 62 p. :
Other physical details ill. ;
Dimensions 27 cm. +
Accompanying material CD-ROM
500 ## - GENERAL NOTE
General note Includes References
856 ## - ELECTRONIC LOCATION AND ACCESS
Uniform Resource Identifier <a href="http://10.250.8.41:8080/xmlui/handle/123456789/9218">http://10.250.8.41:8080/xmlui/handle/123456789/9218</a>
942 ## - ADDED ENTRY ELEMENTS (KOHA)
Source of classification or shelving scheme
Koha item type Thesis
Holdings
Withdrawn status Lost status Damaged status Not for loan Permanent Location Current Location Date acquired Total Checkouts Full call number Barcode Date last seen Price effective from Koha item type Source of classification or shelving scheme Shelving location
        Central Library (CL) Central Library (CL) 11/14/2012   BIT-5 YAS SEECSThesis2 11/14/2012 11/14/2012 Book    
WITHDRAWN       Central Library (CL) Central Library (CL) 10/13/2020   004 CL-BP-546 10/13/2020 10/13/2020 Project Report   Thesis
© 2023 Central Library, National University of Sciences and Technology. All Rights Reserved.